South Carolina Alumni - Statistics

General Stats
  • This quiz has been taken 16 times
    7 since last reset
  • The average score is 6 of 15
Answer Stats
Hint Answer % Correct
Wide receiver who plays for the Washington Commanders (former 49ers player) Deebo Samuel
83%
Governor of South Carolina since 2017 Henry McMaster
83%
Linebacker who plays for the Carolina Panthers and first overall pick by the Houston Texans in 2014 Jadeveon Clowney
67%
Senator from South Carolina since 2003 Lindsey Graham
67%
Former wide receiver who played for the Chicago Bears and Philadelphia Eagles Alshon Jeffrey
50%
Center who plays for the Las Vegas Aces and three time WNBA MVP A'ja Wilson
33%
Hall of Fame small forward who played most notably for the Denver Nuggets Alex English
33%
Power forward and center who plays for the Indiana Fever and 2023 WNBA Rookie of the Year Aliyah Boston
33%
Senator from South Carolina from 1966 to 2005 and Governor of South Carolina from 1959 to 1963 Fritz Hollings
33%
Cornerback who plays for the Carolina Panthers Jaycee Horn
33%
Cornerback who plays for the Minnesota Vikings and NFL Defensive Player of the Year 2019 Stephon Gilmore
33%
Co-host of "Fox & Friends" Ainsley Earhardt
17%
White House Chief of Staff from 2001 to 2006 Andrew Card
17%
Governor of South Carolina from 1995 to 1999 David Beasley
17%
Governor of South Carolina from 1999 to 2003 Jim Hodges
17%
No matching quizzes found
Score Distribution
Percent of People with Each Score
Percentile by Number Answered
Your Score History
You have not taken this quiz since the last reset